Statistics for Albums Of 1972

Click here to take the quiz!

General Stats

  • This quiz has been taken 32 times
  • The average score is 10 of 20

Answer Stats

Album Artist % Correct
The Rise And Fall Of Ziggy Stardust And The Spiders From MarsDavid Bowie
100%
Exile On Main StreetRolling Stones
89%
School's OutAlice Cooper
78%
HarvestNeil Young
74%
Rocky Mountain HighJohn Denver
70%
Thick As A BrickJethro Tull
67%
All The Young DudesMott The Hoople
63%
Honky ChateauElton John
59%
You Don't Mess Around With JimJim Croce
56%
Machine HeadDeep Purple
52%
Eat A PeachAllman Brothers
48%
TransformerLou Reed
44%
Super FlyCurtis Mayfield
41%
Close To The EdgeYes
37%
Can't Buy A ThrillSteely Dan
37%
TrilogyEmerson Lake & Palmer
26%
Summer BreezeSeals and Crofts
26%
No SecretsCarly Simon
19%
Slayed?Slade
19%
Something AnythingTodd Rundgren
11%

Score Distribution

Percentile by Number Answered

Percent of People with Each Score

Your Score History

You have not taken this quiz